<?xml version="1.0" encoding="UTF-8"?>
<record
    xmlns:xsi="http://www.w3.org/2001/XMLSchema-instance"
    xsi:schemaLocation="http://www.loc.gov/MARC21/slim http://www.loc.gov/standards/marcxml/schema/MARC21slim.xsd"
    xmlns="http://www.loc.gov/MARC21/slim">

  <leader>01658nab a2200241 i 4500</leader>
  <controlfield tag="001">768714001</controlfield>
  <controlfield tag="003">CO-MdFUSB</controlfield>
  <controlfield tag="005">20240618161936.0</controlfield>
  <controlfield tag="008">240618t1991    us ||||| |||| 00| 0 eng d</controlfield>
  <datafield tag="040" ind1=" " ind2=" ">
    <subfield code="b">spa</subfield>
    <subfield code="c">CO-MdFUSB</subfield>
    <subfield code="d">CO-MdFUSB</subfield>
  </datafield>
  <datafield tag="041" ind1=" " ind2=" ">
    <subfield code="a">eng</subfield>
  </datafield>
  <datafield tag="100" ind1=" " ind2=" ">
    <subfield code="a"> Brewer, Monroe, </subfield>
    <subfield code="e">autor</subfield>
  </datafield>
  <datafield tag="245" ind1="1" ind2="3">
    <subfield code="a">The lifelong learning link : </subfield>
    <subfield code="b">twelve reasons for continuous education for missionaries</subfield>
    <subfield code="c">/ Monroe Brewer</subfield>
  </datafield>
  <datafield tag="520" ind1=" " ind2=" ">
    <subfield code="a">Al planificar el crecimiento en todos los niveles (personal, cultural y organizacional), los misioneros pueden ayudar a corregir errores del pasado; puede aprender mejor; puede interactuar m&#xE1;s creativamente con situaciones de la vida; pueden ser m&#xE1;s flexibles, relevantes y estimulantes en sus ministerios; pueden tener vidas m&#xE1;s plenamente integradas y equilibradas; potencialmente pueden tener menos problemas y menos serios y no estancarse en sus rutinas misioneras; y puede ser una bendici&#xF3;n para todos los dem&#xE1;s y para Dios tambi&#xE9;n.
Este art&#xED;culo presenta los argumentos a favor de un compromiso con la &#x201C;educaci&#xF3;n continua&#x201D; al proponer cuatro razones filos&#xF3;ficas y ocho razones pr&#xE1;cticas para que los misioneros expandan sus ministerios a trav&#xE9;s del aprendizaje permanente.</subfield>
  </datafield>
  <datafield tag="546" ind1=" " ind2=" ">
    <subfield code="a">Texto en ingl&#xE9;s.</subfield>
  </datafield>
  <datafield tag="650" ind1=" " ind2="7">
    <subfield code="a">Misioneros</subfield>
    <subfield code="9">931</subfield>
  </datafield>
  <datafield tag="650" ind1=" " ind2="7">
    <subfield code="a">Educaci&#xF3;n de adultos</subfield>
    <subfield code="x">Derecho y legislaci&#xF3;n</subfield>
    <subfield code="9">7020</subfield>
  </datafield>
  <datafield tag="650" ind1=" " ind2="7">
    <subfield code="a">Aprendizaje</subfield>
    <subfield code="9">7190</subfield>
  </datafield>
  <datafield tag="650" ind1=" " ind2="7">
    <subfield code="a">Antropolog&#xED;a cultural y social</subfield>
    <subfield code="9">6714</subfield>
  </datafield>
  <datafield tag="773" ind1="0" ind2=" ">
    <subfield code="0">49486</subfield>
    <subfield code="9">82782</subfield>
    <subfield code="d"> Pasadena</subfield>
    <subfield code="o">R2657</subfield>
    <subfield code="t">Missiology:</subfield>
    <subfield code="w">(CO-MdFUSB)97</subfield>
    <subfield code="g">Volumen 19, (n&#xFA;mero 2, 1991) p&#xE1;ginas: 185 - 202</subfield>
    <subfield code="q">p&#xE1;gina: 185</subfield>
  </datafield>
  <datafield tag="942" ind1=" " ind2=" ">
    <subfield code="c">ANA</subfield>
  </datafield>
  <datafield tag="945" ind1=" " ind2=" ">
    <subfield code="a">Catherine Arias &#xC1;lvarez - Practicante SENA</subfield>
  </datafield>
  <datafield tag="999" ind1=" " ind2=" ">
    <subfield code="c">70272</subfield>
    <subfield code="d">70272</subfield>
  </datafield>
</record>
